| 000 | 01948nam0a2200337 i 4500 | ||
|---|---|---|---|
| 001 | RU\NLR\BIBL_A\010588374 | ||
| 005 | 20260405202729.0 | ||
| 010 |
_a9785929311017 _9100 |
||
| 021 |
_aRU _b2014-88010 _95353 |
||
| 035 | _a(NILC)RuMoRGB-007831146 | ||
| 035 | _a(NLR Aleph) 010588374 | ||
| 090 |
_a10492364 _c10492364 |
||
| 100 | _a20150120d2014 um y0rusy50 ca | ||
| 101 | 0 | _arus | |
| 102 | _aRU | ||
| 105 | _aa|||j|||001yy | ||
| 200 | 1 |
_aМакроэкономика _eучебное пособие _fН. В. Капитонова, С. В. Иванова, П. А. Кислощаев _gМ-во образования и науки Российской Федерации, Федеральное гос. бюджетное образовательное учреждение высш. проф. образования "Забайкальский гос. ун-т" |
|
| 210 |
_aЧита _cЗабайкальский государственный университет _d2014 |
||
| 215 |
_a191 с. _cил. _d20 |
||
| 320 | _aБиблиогр.: с.189-191 (31 назв.) и в конце гл. | ||
| 606 |
_aМакроэкономика _jУчебные издания для высших учебных заведений _91518341 _3RU\NLR\AUTH\66659814 |
||
| 686 | 1 | _aУ010.3я73 | |
| 700 | 1 |
_aКапитонова _bН. В. _cканд. пед. наук, экономика _gНаталья Владимировна _9146627 _3RU\NLR\AUTH\770146663 |
|
| 701 | 1 |
_7ca _8rus _aИванова _bС. В. _cканд. экон. наук, экономика труда _gСветлана Владимировна _973110 _3RU\NLR\AUTH\7790183 |
|
| 701 | 1 |
_aКислощаев _bП. А. _cканд. экон. наук _gПавел Андреевич _9146633 _3RU\NLR\AUTH\770146669 |
|
| 801 | 0 |
_aRU _bРГБ _c20141201 _gRCR |
|
| 801 | 1 |
_aRU _bРГБ _c20141201 _2rusmarc |
|
| 942 | _cBOOK | ||
| 980 | _aNBR | ||